GTA V - FlyLo FM - Statistics

General Stats
  • This quiz has been taken 6 times
  • The average score is 20 of 57
Answer Stats
Hint Answer % Correct
Outkast Elevators (Me & You)
83%
Tyler, The Creator Garbage
83%
KNOWER Fuck the Makeup, Skip the Shower
67%
King Crimson In the Wake of Poseidon
67%
Flying Lotus, MF DOOM Lunch Break
67%
Shadow Child 23
50%
Kaskade 4AM (Araabmusik Remix)
50%
Flying Lotus Catapult Man
50%
Thundercat Dragonball Durag
50%
Flying Lotus, Niki Randa Getting There
50%
Flying Lotus Osaka Trade
50%
Thundercat O Sheit It's X
50%
Madlib Road of the Lonely Ones
50%
The Gaslamp Killer Shred You to Bits
50%
Kingdom Stalker Ha
50%
Flying Lotus, Niki Randa The Kill
50%
Aphex Twin Windowlicker
50%
Doris You Never Come Closer
50%
Hudson Mohawke 100hm
33%
Mono/Poly, Thundercat B Adams
33%
Ras G Been Cosmic
33%
Flying Lotus Be Spin
33%
Flying Lotus Early Mountain
33%
Curtis Mayfield Eddie You Should Know Better
33%
Dabrye Encoded Flow
33%
Dimlite Into Vogon Skulls
33%
DJ Rashad, Heavee It's Wack
33%
Lapalux Make Money
33%
MF DOOM Masquatch
33%
Flying Lotus, Krayzie Bone Medication Meditation
33%
Flying Lotus, Erykah Badu See Thru To U
33%
Machinedrum She Died There
33%
Flying Lotus Stonecutters
33%
Channel Tres Topdown
33%
XXYYXX What We Want
33%
David Firth Afterlife Currency
17%
Tierra Whack Arrogant
17%
Freddie Gibbs Automatic
17%
Flying Lotus, Denzel Curry Black Balloons Reprise
17%
Flying Lotus, Ras G Black Heaven
17%
Flying Lotus Computer Face RMX
17%
Flying Lotus Crosswerved
17%
Clams Casino Crystals
17%
Captain Murphy Evil Grin
17%
J Dilla Fuck The Police
17%
Syunsuke Ono Glomerulonephropathy
17%
Little Snake Homicidal Thoughts
17%
Knxwledge, Anderson. Paak Itkanbe
17%
Louis Cole Planet X
17%
Captain Murphy Possessed
17%
Shabazz Palaces Shine a Light
17%
Flying Lotus, Smoke DZA Spiritual
17%
Zack Fox The Bean Kicked In
17%
Ross From Friends The Daisy
17%
Flying Lotus The Diddler
17%
Flying Lotus U Have to Be Odd
17%
Dorian Concept You're Untouchable
17%
No matching quizzes found
Score Distribution
Percent of People with Each Score
Percentile by Number Answered
Your Score History
You have not taken this quiz